Państwa, które produkują najwięcej piwa - Statystyki

Ogólne statystyki
  • Ten quiz został rozwiązany 35 255 razy
    5 067 od ostatniego zresetowania
  • Średni wynik to 15 z 20
Statystyki odpowiedzi
# Kraj % Poprawnych
3,83 mln Polska
99%
8,54 mln Niemcy
97%
20,4 mln Stany Zjednoczone
96%
8,20 mln Rosja
94%
36,6 mln Chiny
93%
2,18 mln Francja
87%
1,96 mln Czechy
86%
16,9 mln Brazylia
85%
2,12 mln Kanada
85%
3,81 mln Hiszpania
84%
13,5 mln Meksyk
82%
2,20 mln Indie
79%
3,84 mln Wielka Brytania
79%
2,45 mln Japonia
78%
2,21 mln Holandia
62%
2,40 mln Belgia
61%
3,10 mln RepublikaPołudniowej Afryki
52%
2,69 mln Kolumbia
44%
1,98 mln Tajlandia
35%
4,20 mln Wietnam
31%
Nie znaleziono quizów pasujących do podanych kryteriów
Rozkład punktacji
Procent ludzi z każdym wynikiem
Percentyl według liczby udzielonych odpowiedzi
Twoja historia wyników
Nie rozwiązałeś tego quizu od ostatniego zresetowania